La invención de la naturaleza: el nuevo mundo de Alexander von Humboldt
Đã lưu trong:
| Tác giả chính: | |
|---|---|
| Định dạng: | Sách |
| Ngôn ngữ: | Tiếng Tây Ban Nha |
| Được phát hành: |
Santiago
Penguin Random House
2017
|
| Phiên bản: | 1a. ed |
| Loạt: | Memorías y Biografías
|
| Những chủ đề: | |
| Các nhãn: |
Thêm thẻ
Không có thẻ, Là người đầu tiên thẻ bản ghi này!
|
MARC
| LEADER | 00000cam a2200000 a 4500 | ||
|---|---|---|---|
| 001 | UCC2809 | ||
| 003 | CL-VaPUC | ||
| 008 | 180323e20170000cl |||||||||||||||||spa|d | ||
| 020 | |a 9789569635076 | ||
| 082 | 0 | 4 | |a 910.4 |b WUL |2 21 |
| 100 | 0 | |a Wulf, Andrea |e author |9 596818 | |
| 245 | 1 | 3 | |a La invención de la naturaleza: el nuevo mundo de Alexander von Humboldt |
| 250 | |a 1a. ed | ||
| 300 | |a 578 p | ||
| 942 | |c BK | ||
| 945 | |d 20180323 15:33:00 |a dcastane | ||
| 260 | |a Santiago |b Penguin Random House |c 2017 | ||
| 600 | 0 | 7 | |a HUMBOLDT, ALEXANDER VON |2 CL-VaPUC |9 268688 |
| 650 | 0 | |a Descubrimientos y exploraciones |9 266189 | |
| 650 | 0 | |a Viajes y exploraciones |9 480879 | |
| 583 | |a last modification |c 20180323 15:33:00 |k Rodrigo Vera | ||
| 490 | 0 | |a Memorías y Biografías | |
| 999 | |c 370750 |d 370748 | ||
| 952 | |0 0 |1 0 |3 erb |4 0 |6 910_400000000000000_WUL_2017 |7 0 |8 A |9 487359 |a BIBING |b BIBING |i 5459338 |o 910.4 WUL 2017 |p 5459338 |r 2025-01-20 |w 2019-11-24 |y BK |z Catalogado en:20180323 |k GEO | ||
| 952 | |0 0 |1 0 |3 erb |4 0 |6 910_400000000000000_WUL_2017 |7 0 |8 A |9 487360 |a BIBING |b BIBING |i 5459265 |o 910.4 WUL 2017 |p 5459265 |r 2025-01-20 |w 2019-11-24 |y BK |z Catalogado en:20180323 |k GEO | ||
| 952 | |0 0 |1 0 |3 erb |4 0 |6 910_400000000000000_WUL_2017 |7 0 |8 A |9 487361 |a BIBING |b BIBING |i 5459257 |l 2 |m 2 |o 910.4 WUL 2017 |p 5459257 |r 2025-01-20 |s 2022-09-12 |w 2019-11-24 |y BK |z Catalogado en:20180323 |k GEO | ||
| 952 | |0 0 |1 0 |3 erb |4 0 |6 910_400000000000000_WUL_2017 |7 0 |8 A |9 487362 |a BIBING |b BIBING |i 5459249 |l 1 |o 910.4 WUL 2017 |p 5459249 |r 2025-03-24 |s 2025-03-18 |w 2019-11-24 |y BK |z Catalogado en:20180323 |k GEO | ||
| 952 | |0 0 |1 0 |3 erb |4 0 |6 910_400000000000000_WUL_2017 |7 0 |8 A |9 487363 |a BIBING |b BIBING |i 545929K |l 1 |o 910.4 WUL 2017 |p 545929K |r 2025-01-20 |s 2024-03-18 |w 2019-11-24 |y BK |z Catalogado en:20180323 |k GEO | ||
| 952 | |0 0 |1 0 |3 erb |4 0 |6 910_400000000000000_WUL_2017 |7 0 |8 A |9 487364 |a BIBING |b BIBING |i 5459281 |o 910.4 WUL 2017 |p 5459281 |r 2025-01-20 |w 2019-11-24 |y BK |z Catalogado en:20180323 |k GEO | ||
| 952 | |0 0 |1 0 |3 erb |4 0 |6 910_400000000000000_WUL_2017 |7 0 |8 A |9 487365 |a BIBING |b BIBING |i 5459273 |l 1 |o 910.4 WUL 2017 |p 5459273 |q 2019-09-03 |r 2020-08-03 |s 2020-08-03 |w 2019-11-24 |y BK |z Catalogado en:20180323 |k GEO | ||
| 952 | |0 0 |1 0 |3 erb |4 0 |6 910_400000000000000_WUL_2017 |7 0 |8 A |9 487366 |a BIBING |b BIBING |i 545932K |l 2 |o 910.4 WUL 2017 |p 545932K |r 2025-01-20 |s 2024-10-25 |w 2019-11-24 |y BK |z Catalogado en:20180323 |k GEO | ||
| 952 | |0 0 |1 0 |3 erb |4 0 |6 910_400000000000000_WUL_2017 |7 0 |8 A |9 487367 |a BIBING |b BIBING |i 5459311 |l 2 |o 910.4 WUL 2017 |p 5459311 |r 2025-01-20 |s 2024-03-18 |w 2019-11-24 |y BK |z Catalogado en:20180323 |k GEO | ||
| 952 | |0 0 |1 0 |3 erb |4 0 |6 910_400000000000000_WUL_2017 |7 0 |8 A |9 487368 |a BIBING |b BIBING |i 5459303 |l 2 |m 1 |o 910.4 WUL 2017 |p 5459303 |r 2025-01-20 |s 2024-11-25 |w 2019-11-24 |y BK |z Catalogado en:20180323 |k GEO | ||